Responses for Show #1840 - Friday, September 11, 1992

Contestants

[<< previous game]

Bill Powers, a research attorney from Indianapolis, Indiana

Peter Childress, a computer programmer from New Orleans, Louisiana

Anne Ellis, a managing editor originally from Madison, New Jersey (whose 2-day cash winnings total $12,400)

[next game >>]

Jeopardy! Round responses

ANNUAL EVENTS
MODERN HISTORY
TELEVISION
SEASONINGS
THE NATIONAL PARK SYSTEM
ANIMAL WORDS & PHRASES
    $100 5
pickled peppers

Bill
    $100 19
18

Anne
    $100 3
(Anne: What is The [*] Show?)

Glen Campbell

Anne
    $100 13
onions

Anne
    $100 12
(Anne: What is Mount Rushmore Park?)
(Peter: What is Camp David?)

the White House

AnnePeter
Triple Stumper
    $100 1
a sewing bee

Anne
    $200 6
tulips

Anne
    $200 20
Madrid

Peter
    $200 15
(Peter: What is Petticoat Junction?)

The Andy Griffith Show

AnnePeter
    $200 14
salt

Peter
    $200 27
Clara Barton

Bill
    $200 2
bullseye

Peter
    $300 7
the Indy 500

Bill
    $300 21
Douglas MacArthur

Peter
    $300 24
Baretta

Anne
    $300 16
paprika

Anne
    $300 28
Andersonville

Anne
    $300 4
cock

Peter
    $400 8
Pikes Peak

Triple Stumper
    $400 22
the WAVES

Peter
    $400 25
the Match Game

Peter
    $400 17
(Peter: What is Parsley?)
(Anne: What is Oregano?)

basil

AnnePeter
Triple Stumper
    $400 29
Robert E. Lee

Peter
    $400 10
horses

Anne
    $500 9
(Anne: What's Kingston?)

Montego Bay

AnneBill
    $500 23
Dewey

Bill
    $500 26
The Virginian

Triple Stumper
    $500 18
(Bill: What is clove?)

coriander

Bill
Triple Stumper
    $700 30
(Peter: What is Arlington Cemetery?)
(No, she was Mrs. Ulysses Grant, hence, [*].)

Grant's Tomb

Peter
    $500 11
the cat's pajamas

Anne

Scores at the first commercial break (after clue 14):

Anne Peter Bill
$800 $600 $900

Scores at the end of the Jeopardy! Round:

Anne Peter Bill
$1,600 $1,000 $1,100

Double Jeopardy! Round responses

THE CIVIL WAR
GLASS & GLASSWARE
NOTORIOUS
SCIENCE
THE ARAB WORLD
AUTHORS' BIRTHPLACES
    $200 2
(Anne: What are women soldiers?)

nurses

Anne
Triple Stumper
    $200 19
the '20s

Bill
    $200 14
a flag

Bill
    $200 1
photosynthesis

Anne
    $200 22
Saudi Arabia

Anne
    $200 10
Laura Ingalls Wilder

Bill
    $400 3
Our American Cousin

Bill
    $400 20
(Anne: What is Sturbridge?)

Sandwich glass

Anne
Triple Stumper
    $400 15
Jack the Ripper

Peter
    $400 4
George Washington Carver

Peter
    $400 26
bedouins

Peter
    $400 12
Atlanta

Bill
    $600 7
The General

Triple Stumper
    $1,200 24
Alex: We have less than a minute to go.)

the Netherlands

Anne
    $600 16
Hitler

Bill
    $600 5
quartz

Peter
    $600 27
Iraq

Peter
    $600 13
(Peter: What is Washington, D.C.?)

Baltimore

Peter
Triple Stumper
    $800 8
(Peter: What is Chicago?)

New York

AnnePeter
    $800 25
Sweden

Bill
    $800 17
Bugsy Siegel

Anne
    $800 6
a tsunami

Anne
    $2,000 28
(Peter: What is the Rubáiyát of Omar Khayyám?)

the Koran

Peter
    $800 21
(Bill: Who is John Irving?)

Martin Cruz Smith

Bill
Triple Stumper
    $1000 9
(Edwin) Stanton

Anne
    $1000 18
Bonnie & Clyde

Peter
    $1000 11
Soyuz

Anne
    $1000 29
(Peter: What is a star?)
(Alex: Two symbols.)
...
[The end-of-round signal sounds.]

a star & a crescent

Peter
    $1000 23
(Bill: What is... Orleans?)
...
(Alex: She was the Maid of Orleans, but she was killed in [*].)

Rouen, France

Bill
Triple Stumper

Scores at the end of the Double Jeopardy! Round:

Anne Peter Bill
$7,000 $2,000 $2,100
(lock game)

[wagering suggestions for these scores]

Final Jeopardy! Round responses

COUNTRIES OF THE WORLD
PeterWhat is Liberia?
$1,998
BillWhat is Liberia?
$2,000
AnneWhat is Liberia?
$2,500
Liberia

Final scores:

Anne Peter Bill
$9,500 $3,998 $4,100
3-day champion: $21,900 3rd place: Michael C. Fina flatware & Nintendo Entertainment System with Super Jeopardy!, Wheel of Fortune featuring Vanna White, & InfoGenius for Game Boy 2nd place: trip to the Cayman Islands

Game dynamics:

Coryat scores:

Anne Peter Bill
$6,400 $4,700 $2,100
19 R
(including 1 DD),
5 W
15 R,
7 W
(including 2 DDs)
12 R,
3 W

Combined Coryat: $13,200

[game clues] [game scores] [suggest correction]

Game tape date: 1992-07-20
The J! Archive is created by fans, for fans. Scraping, republication, monetization, and malicious use prohibited; this site may use cookies and collect identifying information. See terms. The Jeopardy! game show and all elements thereof, including but not limited to copyright and trademark thereto, are the property of Jeopardy Productions, Inc. and are protected under law. This website is not affiliated with, sponsored by, or operated by Jeopardy Productions, Inc. Join the discussion at JBoard.tv.